Normal view
MARC view
- Hamza Ali Memon (330048)
Entry Personal Name
001 - CONTROL NUMBER
- control field: 119470
003 - CONTROL NUMBER IDENTIFIER
- control field: NUST
005 - DATE AND TIME OF LATEST TRANSACTION
- control field: 20231205125341.0
008 - FIXED-LENGTH DATA ELEMENTS
- fixed length control field: 231205|| aca||aabn | a|a d
040 ## - CATALOGING SOURCE
- Original cataloging agency: NUST
- Transcribing agency: NUST
100 ## - HEADING--PERSONAL NAME
- Personal name: Hamza Ali Memon (330048)
670 ## - SOURCE DATA FOUND
- Source citation: Work cat.: (NUST): Hamza Ali Memon (330048), Techno-economic feasibility and environmental assessment of large-scale wind farms for sustainable energy generation at provincial scale of Pakistan /
